[Event "Brno Duras BVK op-A"]
[Site "Brno"]
[Date "2004.07.07"]
[Round "5"]
[White "Siedenschwarz, Holger"]
[Black "Zavadil, Michal"]
[Result "1-0"]
[WhiteElo "1999"]
[BlackElo "2115"]
[PlyCount "187"]
[EventDate "2004.07.??"]
[EventType "swiss"]
[EventRounds "9"]
[EventCountry "CZE"]
[SourceTitle "EXT 2005"]
[Source "ChessBase"]
[SourceDate "2004.11.15"]
[SourceVersion "1"]
[SourceVersionDate "2004.11.15"]
[SourceQuality "1"]

1. e4 e5 2. Nf3 Nc6 3. Bb5 a6 4. Bxc6 dxc6 5. 0-0 Bg4 6. h3 h5 7. d3 Qf6 8. Nbd2 Bc5 9. Re1 Ne7 10. Nf1 Bxf3 11. Qxf3 Qxf3 12. gxf3 g5 13. Be3 Bb6 14. Ng3 h4 15. Ne2 c5 16. Kh2 f6 17. Nc3 Kd7 18. Na4 Kc6 19. Rab1 Rhd8 20. Red1 Ba7 21. b4 cxb4 22. Rxb4 b5 23. Nc3 Bc5 24. Rb3 Kd6 25. Rdb1 c6 26. a4 Ng6 27. Ne2 Nf8 28. d4 exd4 29. Nxd4 Bxd4 30. Bxd4 Ke6 31. Be3 Ng6 32. Rc3 Rac8 33. Rc5 Ne5 34. Kg2 Nc4 35. Re1 Nxe3+ 36. Rxe3 bxa4 37. Ra5 Rd4 38. Rxa6 Rc4 39. Ra3 Rxc2 40. R3xa4 Rd8 41. Ra2 Rxa2 42. Rxa2 Rc8 43. f4 gxf4 44. Kf3 Ke5 45. Rd2 Ra8 46. Rd3 Ra5 47. Rc3 c5 48. Rc4 Rb5 49. Kg4 Rb2 50. Rxc5+ Kxe4 51. Rc4+ Ke5 52. Rxf4 Ra2 53. Rf5+ Ke6 54. Rf3 Kf7 55. Kxh4 Kg6 56. Kg4 Ra4+ 57. Rf4 Ra1 58. Rb4 Rg1+ 59. Kf4 Ra1 60. Ke4 Re1+ 61. Kd5 Re5+ 62. Kd6 Re2 63. Rf4 Kg5 64. Rf3 Re4 65. Rg3+ Kh4 66. Kd5 Re2 67. Rf3 Kg5 68. h4+ Kxh4 69. Rxf6 Kg5 70. Rf8 Kg6 71. f4 Kg7 72. Rf5 Ra2 73. Ke5 Ra5+ 74. Ke6 Ra6+ 75. Ke5 Ra5+ 76. Ke4 Ra4+ 77. Kf3 Kg6 78. Rb5 Ra1 79. Ke4 Kf6 80. Rb6+ Kf7 81. Kf5 Ra5+ 82. Kg4 Ra1 83. Kg5 Rg1+ 84. Kf5 Ra1 85. Rb7+ Kf8 86. Kg6 Ra6+ 87. Kg5 Ra5+ 88. f5 Ra1 89. Kg6 Ra2 90. Rb8+ Ke7 91. f6+ Ke6 92. Re8+ Kd7 93. f7 Rg2+ 94. Kh5 1-0

[Event "Brno Duras BVK op-A"]
[Site "Brno"]
[Date "2004.07.05"]
[Round "3"]
[White "Siedenschwarz, Holger"]
[Black "Harasta, Vladimir"]
[Result "0-1"]
[WhiteElo "1999"]
[BlackElo "2122"]
[PlyCount "122"]
[EventDate "2004.07.??"]
[EventType "swiss"]
[EventRounds "9"]
[EventCountry "CZE"]
[SourceTitle "EXT 2005"]
[Source "ChessBase"]
[SourceDate "2004.11.15"]
[SourceVersion "1"]
[SourceVersionDate "2004.11.15"]
[SourceQuality "1"]

1. e4 e5 2. Nf3 Nc6 3. Bb5 Bc5 4. Nc3 Nge7 5. 0-0 0-0 6. Na4 d6 7. Nxc5 dxc5 8. d3 Bg4 9. h3 Bxf3 10. gxf3 Nd4 11. Bc4 Ng6 12. c3 Ne6 13. f4 Nexf4 14. Bxf4 Nxf4 15. Kh2 Qd7 16. Qg4 Rad8 17. Rad1 c6 18. a4 Qxg4 19. hxg4 Rd6 20. Kg3 Rfd8 21. Rd2 Rh6 22. f3 Rh3+ 23. Kf2 Rh2+ 24. Ke1 Ng2+ 25. Kf2 Nf4+ 26. Ke3 Rxd2 27. Kxd2 Nxd3 28. Kc2 Nf4 29. Rf2 h6 30. Rh2 Kf8 31. Rf2 Ke7 32. Rh2 a5 33. Rf2 Kf6 34. Rh2 Rd7 35. Rf2 Rd8 36. Rh2 Ke7 37. Rf2 g6 38. Rh2 h5 39. Rh1 Rh8 40. Kd2 h4 41. Ke3 g5 42. Rd1 f6 43. Kf2 Rd8 44. Rxd8 Kxd8 45. Kg1 Kd7 46. Kf2 Ng6 47. Ke3 Ne7 48. Bf1 Nc8 49. b3 Nd6 50. c4 Kc7 51. Kd2 Ne8 52. Ke3 Ng7 53. Kd2 Ne6 54. Bg2 Nf4 55. Bh1 b5 56. Ke3 Kb6 57. Kd2 h3 58. Ke3 Ne6 59. Kd2 Nd4 60. Kc3 Ne2+ 61. Kd2 Ng3 0-1